000 00387nam a2200169Ia 4500
008 230524s9999 xx 000 0 und d
020 _a9781259028991
082 _a526.9
_bDUG
100 _aS.K.Duggal
245 0 _aSurveying Vol-1
250 _a4
260 _aNew Delhi
_bMGH
_c2013
300 _a"xviii,619p;"
500 _aQuantity Number: 15
650 _aCivil
942 _cBK
999 _c54761
_d54761